|
|
|
|
| LEADER |
01279nab#a2200361#ar4500 |
| 001 |
000116521 |
| 003 |
SVKKK |
| 005 |
20151222103432.0 |
| 008 |
131126d1914 xo |||||||||||||||b|hun |
| FMT |
|
|
|
| 038 |
|
|
|a SVKKK
|
| 040 |
|
|
|a SVKKK
|b slo
|e AACR2
|
| 041 |
0 |
|
|a hun
|
| 044 |
|
|
|a xo
|c SK
|
| 080 |
|
|
|a 355.11
|2 2011
|
| 080 |
|
|
|a 356.21
|2 2011
|
| 242 |
1 |
0 |
|a Viktor Lorx z Ruskinoviec pobočníkom arcivojvodu Fridricha
|
| 245 |
1 |
0 |
|a Ruszkini Lorx Győző Frigyes főherceg szárnysegéde
|
| 520 |
3 |
|
|a Podplukovníka generálneho štábu armády, učiteľa vojenskej školy, Dr. Viktora (Győző) Lorxa si zvolil arcivojvoda Fridrich za svojho pobočníka. Rodák zo Spiša má zohrať dôležitú úlohu v srbskom ťažení.
|
| 545 |
0 |
|
|a Különfélék
|
| 600 |
1 |
4 |
|a Lorx, Viktor,
|c ruszkini
|c Dr.
|d 1873-1922
|x vojak c. k. armády
|x podplukovník generálneho štábu armády
|y 1914
|z Spišská Nová Ves (Slovensko)
|
| 648 |
0 |
4 |
|a 1914
|
| 650 |
0 |
4 |
|a vojaci
|
| 650 |
0 |
4 |
|a štábni dôstojníci
|
| 651 |
|
4 |
|a Spišská Nová Ves (Slovensko)
|
| 655 |
|
4 |
|a hungariká
|
| 773 |
0 |
|
|t Szepesi Lapok : Politikai És Tátrai Ujság
|g Roč. XXX, č. 87 (31. 7. 1914), s. 3
|
| 958 |
|
|
|a HU
|
| 974 |
|
|
|a vsz
|
| 992 |
|
|
|a RBX
|
| BAS |
|
|
|
| 852 |
|
|
|a SVKKK
|b BIB
|
| 998 |
|
|
|a RETRO
|